| 000 | 00497nam a2200169 i 4500 | ||
|---|---|---|---|
| 001 | 130653 | ||
| 003 | ES-MaACL | ||
| 005 | 20230906193812.0 | ||
| 007 | t| | ||
| 008 | 070803s1919 fr ||||1| fre d | ||
| 100 | 1 |
_aSpender, Harold. _9107689 |
|
| 245 | 1 | 0 |
_aDavid Lloyd George, étude biographique / _cHarold Spender ; traduction de Robert L. Cru. |
| 260 |
_aParis : _bA. Colin, _c1919. |
||
| 300 |
_a363 p. ; _c19 cm. |
||
| 700 | 1 |
_aCru, Robert Loyalty. _941760 |
|
| 852 |
_aES-MaACL _jF-11015 |
||
| 999 |
_c130653 _d130653 |
||